000 01206cam a22003257a 4500
020 _a9780761838197 (pbk. : alk. paper)
020 _a0761838198 (pbk. : alk. paper)
040 _cNLM
082 0 0 _a362 ROT 2005 C162 Or.
245 0 0 _aPhilanthropic foundations and the globalization of scientific medicine and public health :
_bproceedings of a conference jointly sponsored by Quinnipiac University and the Rockefeller Archive Center with additional support from the Dreyfus Health Foundation /
260 _aLanham, Md. :
_bUniversity Press of America,
_cc2007.
300 _axviii, 195 p. :
_bill. ;
_c23 cm.
650 0 _aPublic health
650 0 _aPublic health
650 0 _aMedical policy
650 0 _aMedical policy
650 0 _aWorld health
650 1 2 _aWorld Health
650 2 2 _aFund Raising
650 2 2 _aHealth Policy
650 2 2 _aHistory, 20th Century
650 2 2 _aInternational Cooperation
650 2 2 _aPublic Health Administration
700 1 _aPage, Benjamin B.
700 1 _aValone, David A.
710 2 _aQuinnipiac University.
710 2 _aRockefeller Archive Center.
856 4 1 _uhttp://www.loc.gov/catdir/toc/fy0803/2007926459.html
942 _cAEDBB
999 _c19301
_d19301